|
|
|
|
| LEADER |
00679 a2200181 4500 |
| 005 |
20151026133329.0 |
| 008 |
140314b xxu||||| |||| 00| 0 eng d |
| 020 |
|
|
|a 9788183575027
|
| 080 |
|
|
|a (079):808
|b CHO R
|
| 100 |
|
|
|a Chopra, J K
|
| 245 |
|
|
|a CSAT capsule
|b General studies paper II:English lanuguage and comprehension skills
|
| 260 |
|
|
|c 2013
|b Unique
|a New Delhi
|
| 300 |
|
|
|a Various pagination
|
| 653 |
|
|
|a General studies - English language
|
| 653 |
|
|
|a General studies - Comprehension skills
|
| 942 |
|
|
|c REF
|6 _
|
| 999 |
|
|
|c 68427
|d 68427
|
| 952 |
|
|
|0 0
|1 0
|2 udc
|4 0
|6 079808_CHOR
|7 0
|9 80535
|a UL
|b UL
|c REF
|d 2014-01-21
|g 0.00
|o (079):808 CHO R
|p 00071000
|r 2014-03-03
|v 0.00
|w 2014-01-21
|y REF
|